Happily - One Direction (All Lyrics) - Statistics

General Stats
  • This quiz has been taken 120 times
  • The average score is 324 of 354
Answer Stats
Lyrics % Correct
I
100%
A
99%
Be,
99%
Be
99%
Me
99%
On
99%
On,
99%
You
99%
And
97%
Baby,
97%
Happily
97%
Know
97%
So
97%
So,
97%
To
97%
What
97%
When
97%
Are
96%
Do
96%
Don't
96%
The
96%
We
96%
With
96%
Care
95%
Just
95%
(One,
95%
One
95%
Say
95%
Wanna
95%
Were
95%
We're
95%
(We're
95%
Fire,
93%
Fire
93%
Fire)
93%
Forever
93%
Hold
93%
It
93%
Now
93%
People
93%
Together
93%
Who
93%
Want
92%
Come
91%
Sleep
89%
Oh,
88%
Oh
88%
Three)
88%
Three,
88%
Two,
88%
Yeah,
86%
(Yeah)
86%
(Yeah!)
86%
Your
86%
'Cause
85%
Hand
85%
Understand,
85%
Understand
85%
He
84%
Holds
84%
His
82%
But
81%
Meant
80%
Walk
78%
Away
77%
Leave
77%
Leave,
77%
Had
74%
In
74%
Love,
74%
If
73%
Really
73%
Sorry,
73%
That
73%
You're
70%
Him
68%
My
68%
It's
65%
Skin
65%
Four)
64%
Hair
64%
Knows
62%
Feels
61%
Of
59%
Touched
59%
Wonder
59%
Fate
57%
Traces
57%
Made
55%
Twist
53%
4am
46%
Oh-oh
18%
No matching quizzes found
Score Distribution
Percent of People with Each Score
Percentile by Number Answered
Your Score History
You have not taken this quiz